| 000 | 00734cam a2200241 4500 | ||
|---|---|---|---|
| 008 | 090401t1993 xxu||||| |||| 00| 0 eng d | ||
| 020 | _a9277615125 | ||
| 035 | _a(Sirsi) u72910 | ||
| 041 | _aeng | ||
| 110 |
_aEurope _bEuropean Communities Commission _9698 |
||
| 245 | _aGreen paper: access of consumers to justice and the settlement of consumer disputes in the single market. | ||
| 260 |
_aLuxembourg _bOffice for official Publications of the _c1993 |
||
| 300 | _a87p. ; 30cm. | ||
| 350 | _a0 | ||
| 490 |
_aCOM _v(93) 576 final |
||
| 650 | _aCONSUMER DISPUTES | ||
| 650 | _aCONSUMER LAW | ||
| 650 | _aEUROPEAN COMMUNITY | ||
| 650 | _aGREEN PAPER | ||
| 690 | _aEUROPE-SINGLE MARKET | ||
| 942 | _n0 | ||
| 948 | _c04/03/1997 | ||
| 999 |
_c95540 _d95540 |
||